000 00361nam a2200169Ia 4500
100 _aWilton/Andy/ Charity/Tim
650 _aWireless
942 _cBK
366 _f20
654 _awireless
245 _aDeploying wireless network
260 _bCambridge
_c2008
082 _a384.5
_bWIL
300 _a360
546 _aENGLISH
_cPAMPHALETS
999 _c32922
_d32922